000 00713 a2200193 4500
999 _c10658
_d10658
020 _a9780552133012
050 _aPR6053.
_bCOO 1989
100 _aCookson, Catherine,
_d 1906-1998
_eauthor
245 _aBill Bailey's daughter /
_cCatherine Cookson
264 _aLondon:
_bCorgi,
_c1989.
300 _a261 pages.
336 _1text
_2rdacontent
337 _1unmediated
_2rdamedia
338 _1volume
_2rdacarrier
440 _aBill Bailey, #3.
520 _aBill and Fiona Bailey are eagerly awaiting the arival of their first child... Catherine Cookson uses her unique gifts to splendid effect in this heartwarming story.
650 _aBailey family
_xFictitious characters
942 _2lcc
_cBK
_h6053
_iCOO
_kPR